El trabajo intelectual: consejos a los que estudian y a los que escriben

Saved in:
Bibliographic Details
Main Author: Guitton, Jean (Author)
Format: Book
Language:Spanish
Published: Madrid Ediciones Rialp S. A 2010
Edition:4a. ed
Series:Biblioteca del Cincuentenario
Subjects:
Tags: Add Tag
No Tags, Be the first to tag this record!

MARC

LEADER 00000cam a2200000 a 4500
001 UCF7632
003 CL-VaPUC
008 130627e20100000SP |||||||||||||||||spa|d
020 |a 9788432132285 
082 0 4 |a 121  |b GUI  |2 21 
100 |a Guitton, Jean  |e author  |9 597295 
245 1 3 |a El trabajo intelectual: consejos a los que estudian y a los que escriben 
250 |a 4a. ed 
300 |a 155 p 
942 |c BK 
945 |d 20130627 00:00:00  |a dcastane 
260 |a Madrid  |b Ediciones Rialp S. A  |c 2010 
650 0 |a Pensamiento  |9 307612 
650 7 |a DESARROLLO DE LOS PROCESOS MENTALES  |2 CL-VaPUC  |9 334692 
650 0 |a Razonamiento  |9 256520 
650 0 |a Cognición   |9 270347 
650 0 |a Métodos de aprendizaje  |9 334464 
583 |a last modification  |c 20130627 13:18:00  |k Rodrigo Vera 
490 0 |a Biblioteca del Cincuentenario 
999 |c 352440  |d 352438